Normal view
MARC view
Entry Personal Name
001 - CONTROL NUMBER
- control field: 25915
003 - CONTROL NUMBER IDENTIFIER
- control field: dpl
005 - DATE AND TIME OF LATEST TRANSACTION
- control field: 20110214111637.0
008 - FIXED-LENGTH DATA ELEMENTS
- fixed length control field: 110214|||a|||||| | ||| d
040 ## - CATALOGING SOURCE
- Original cataloging agency: dpl
- Transcribing agency: dpl
100 ## - HEADING--PERSONAL NAME
- Personal name: सुरेश लाल
670 ## - SOURCE DATA FOUND
- Source citation: Work cat.: (dpl): बद्दन, बलदेव सिंह, 25913, छुटकारा /, 2010
670 ## - SOURCE DATA FOUND
- Source citation: Work cat.: (dpl): बद्दन, बलदेव सिंह, 25913, छुटकारा /, 2010
